Hacia una teología del cine

Guardat en:
Dades bibliogràfiques
Autor principal: Rodríguez Panizo, Pedro (Autor)
Format: Llibre
Idioma:espanyol
Publicat: Santander Sal Terrae 2001
Edició:1a. ed
Col·lecció:Cuadernos F y S
Matèries:
Etiquetes: Afegir etiqueta
Sense etiquetes, Sigues el primer a etiquetar aquest registre!

MARC

LEADER 00000cam a2200000 a 4500
001 UCC1103
003 CL-VaPUC
008 170929e20010000sp |||||||||||||||||spa|d
020 |a 8429314024 
082 0 4 |a 791.43  |b ROD  |2 21 
100 0 |a Rodríguez Panizo, Pedro  |e author  |9 595146 
245 1 0 |a Hacia una teología del cine 
250 |a 1a. ed 
300 |a 46 p 
942 |c BK 
945 |d 20170929 13:43:00  |a dcastane 
260 |a Santander  |b Sal Terrae  |c 2001 
650 0 |a Cine  |9 225706 
650 0 |a Aspectos filosóficos   |9 265456 
650 0 |a Aspectos religiosos  |9 257320 
650 0 |a Aspectos sociales  |9 254894 
583 |a last modification  |c 20170929 13:43:00  |k Rodrigo Vera 
490 0 |a Cuadernos F y S 
999 |c 369683  |d 369681 
952 |0 0  |1 0  |3 erb  |4 0  |6 791_430000000000000_ROD_2001  |7 0  |8 A  |9 485624  |a BIBTEO  |b BIBTEO  |i 5426308  |o 791.43 ROD 2001  |p 5426308  |r 2025-01-17  |w 2019-11-24  |y BK  |z Catalogado en:20170929  |k ICR